Simulácia montážnej linky v Simul8 diplomová práca

Saved in:
Bibliographic Details
Main Author: Šišulák, Adam
Corporate Author: Fakulta hospodárskej informatiky EU. Katedra operačného výskumu a ekonometrie
Other Authors: Čemická, Katarína
Format: Book
Language:Slovak
Published: Bratislava 2010
Tags: Add Tag
No Tags, Be the first to tag this record!

MARC

LEADER 00000nam a2200000 4500
001 0118843
005 20240318123422.8
041 0 |a slo 
044 |a SK 
245 1 0 |a Simulácia montážnej linky v Simul8  |b diplomová práca  |c Adam Šišulák ; škol. Katarína Čemická 
264 1 |a Bratislava  |c 2010 
300 |a 79 s. 
100 1 |a Šišulák, Adam 
700 1 |a Čemická, Katarína 
710 2 |a Fakulta hospodárskej informatiky EU. Katedra operačného výskumu a ekonometrie